| 000 | 00825cab a2200313 4500 | ||
|---|---|---|---|
| 001 | WB3240-19 | ||
| 008 | 090401t1996 xxu||||| |||| 00| 0 eng d | ||
| 035 | _a(Sirsi) u33891 | ||
| 041 | _aeng | ||
| 245 | 4 | _aThe Medway Towns | |
| 260 | _c1996 | ||
| 300 | _aLOAN | ||
| 350 | _a0 | ||
| 490 |
_aTimes _v22 October 1996, 35-37(3) |
||
| 520 | _aSpecial feature on the Medway Towns as the area sees the biggest growth of commercial investment in living memory. | ||
| 650 | _aCHATHAM | ||
| 650 | _aGILLINGHAM | ||
| 650 | _aKENT | ||
| 650 | _aMEDWAY TOWNS | ||
| 650 | _aRAINHAM | ||
| 650 | _aROCHESTER | ||
| 650 | _aROYAL DOCKYARD | ||
| 650 | _aSTROOD | ||
| 650 | _aUNIVERSITY OF GREENWICH | ||
| 650 | _aURBAN REGENERATION | ||
| 690 | _aPROPERTY-PROPERTY DEVELOPMENT | ||
| 942 | _n0 | ||
| 948 | _c04/03/1997 | ||
| 999 |
_c22536 _d22536 |
||